000 01618nam a2200277 a 4500
001 000038074
005 20201002031153.0
008 150602s2008 dr a 000 0 spa d
020 _z9789945171655 (v. 0)
020 _z9945426230 (v. 1)
020 _z9945426249 (v. 2)
020 _z9945426257 (v. 3)
040 _aDO-SdBNP
_bspa
_cBNPHU
082 _axxxx
_bxxxx
100 1 _aAmiama Espaillat, Cristina
_929775
245 1 0 _aPan y canela :
_bnivel inicial /
_cAmiama Espaillat, Katherine Zaiter, Rebeca González, Equipo de Ediciones SM ; ilustraciones Henry Cid.
260 _aSanto Domingo :
_bEdiciones SM,
_c2008.
300 _a4 v. :
_bil. ;
_c23 cm.
500 _aLibros para niños de 2 a 5 años de edad.
505 0 _av. 0 :
_tMi colegio --
_tMi persona --
_tMi familia --
_tLos alimentos /
_rEquipo de Ediciones SM --
505 0 _gv. 1 , v. 2 :
_tEl centro educativo. La casa --
_tMi persona --
_tLa experiencia familiar. La navidad --
_tSalud. Los alimentos --
_tEl barrio donde vivo --
_tLos animales salvajes --
_tNaturaleza y flores --
_tLos animales domésticos --
_tLas vacaciones /
_rCristina Amiama Espaillat --
_rKatherine Zaiter --
505 0 _gv. 3 :
_tEl centro educativo. Mi casa --
_tMi persona --
_tLa experiencia familiar --
_tLa navidad --
_tEl barrio donde vivo --
_tMi país --
_tEl carnaval --
_tLos alimentos y la salud --
_tLos animales --
_tLos transportes --
_tLos medios de comunicación --
_tLa naturaleza en el planeta tierra /
_rCristina Amiama Espaillat --
_rREbeca González --
700 1 _aZaiter, Katherine
_964467
700 1 _aGonzález, Rebeca
_964468
700 1 _aCid, Henry
_eil.
_9346
999 _c37564
_d37564